Dreamweaver MX 2004 bible (Record no. 177193)
[ view plain ]
| 000 -LEADER | |
|---|---|
| fixed length control field | 00421nam a2200169Ia 4500 |
| 008 - FIXED-LENGTH DATA ELEMENTS--GENERAL INFORMATION | |
| fixed length control field | 231217s9999 xx 000 0 und d |
| 020 ## - INTERNATIONAL STANDARD BOOK NUMBER | |
| International Standard Book Number | 81-265-0494-3 |
| 041 ## - LANGUAGE CODE | |
| Language code of text/sound track or separate title | English |
| 082 ## - DEWEY DECIMAL CLASSIFICATION NUMBER | |
| Classification number | 001.6443 LOW R |
| 100 ## - MAIN ENTRY--PERSONAL NAME | |
| Personal name | Lowery, Joseph W |
| 245 #0 - TITLE STATEMENT | |
| Title | Dreamweaver MX 2004 bible |
| 260 ## - PUBLICATION, DISTRIBUTION, ETC. | |
| Date of publication, distribution, etc. | 2004 |
| Name of publisher, distributor, etc. | Wiley |
| Place of publication, distribution, etc. | New Delhi |
| 300 ## - PHYSICAL DESCRIPTION | |
| Extent | xxxi+1175 |
| 300 ## - PHYSICAL DESCRIPTION | |
| Dimensions | CD2500 |
| 650 ## - SUBJECT ADDED ENTRY--TOPICAL TERM | |
| Topical term or geographic name entry element | Dreamweaver,MX,2004,bible |
| 942 ## - ADDED ENTRY ELEMENTS (KOHA) | |
| Koha item type | Books |
| Date last seen | Total checkouts | Full call number | Accession number | Cost, total (INR) price | Price effective from | Category | Lost status | Damaged status | Department | Withdrawn status | Home library | Current library | Shelving location | Entry date | Vendor | Cost, normal purchase price | Grants | Billnumber | Billdate | Currency symbol | Conversion rate | Discount | Old discount |
|---|---|---|---|---|---|---|---|---|---|---|---|---|---|---|---|---|---|---|---|---|---|---|---|
| 26/01/2024 | 001.6443 LOW R | 40580 | 396.75 | 26/01/2024 | Books | Central Library | Central Library | Central Library | Library Annex | 07/02/2006 | Bangalore Book Shop | 529.00 | CS | 503 | 19/11/2001 | RS | 1 | 132.25 | 25 |
